BIBLIOTECA PODER JUDICIAL
Portal Judicial TDF

Los decretos de necesidad y urgencia en Argentina a 30 años de su incorporación al texto constitucional / (Registro nro. 5288)

000 -LEADER
fixed length control field 01256nab a22002297a 4500
003 - CONTROL NUMBER IDENTIFIER
control field OSt
005 - DATE AND TIME OF LATEST TRANSACTION
control field 20250214094131.0
008 - FIXED-LENGTH DATA ELEMENTS--GENERAL INFORMATION
fixed length control field 190604e xxu||||| |||| 00| 0 spa d
040 ## - CATALOGING SOURCE
Transcribing agency PJ
100 ## - MAIN ENTRY--PERSONAL NAME
9 (RLIN) 6345
Personal name Martínez, Ignacio A.
245 13 - TITLE STATEMENT
Title Los decretos de necesidad y urgencia en Argentina a 30 años de su incorporación al texto constitucional /
Statement of responsibility, etc Ignacio A. Martinez.
260 ## - PUBLICATION, DISTRIBUTION, ETC. (IMPRINT)
Place of publication, distribution, etc Ciudad Autónoma de Buenos Aires :
Name of publisher, distributor, etc Thomson Reuters La Ley,
Date of publication, distribution, etc 2025.
300 ## - PHYSICAL DESCRIPTION
Extent p. 5-10
500 ## - GENERAL NOTE
General note Cita Online: TR LALEY AR/DOC/2700/2024.
505 ## - FORMATTED CONTENTS NOTE
Formatted contents note Sumario: I. Introducción.— II. Origen y antecedentes de los decretos de necesidad y urgencia en Argentina.— III. El DNU o decreto de necesidad y urgencia. Nociones y alcances en el sistema constitucional argentino.— IV. ¿Más presidencialismo o más control?— V. Conclusiones.<br/>
505 ## - FORMATTED CONTENTS NOTE
Title ¿Te interesa el texto completo? Solicitalo al correo: koha@justierradelfuego.gov.ar<br/>
650 #0 - SUBJECT ADDED ENTRY--TOPICAL TERM
9 (RLIN) 200
Topical term or geographic name as entry element DECRETOS DE NECESIDAD Y URGENCIA
650 #0 - SUBJECT ADDED ENTRY--TOPICAL TERM
9 (RLIN) 766
Topical term or geographic name as entry element CONSTITUCION NACIONAL
650 #0 - SUBJECT ADDED ENTRY--TOPICAL TERM
9 (RLIN) 4597
Topical term or geographic name as entry element CONSTITUCIONALIDAD
773 0# - HOST ITEM ENTRY
Host Biblionumber 2714
Host Itemnumber 3171
Place, publisher, and date of publication Ciudad Autónoma de Buenos Aires : Thomson Reuters La Ley, 2014-
Title Revista anales de legislación argentina. Nº 12 - Diciembre 2024.
942 ## - ADDED ENTRY ELEMENTS (KOHA)
Source of classification or shelving scheme
Koha item type Analítica Artículo de Revista

No hay ítems disponibles.

12 de Octubre 789 Ushuaia - Tel:  54(02901)441571
Horario de Atención: 8.00 a 17.00 hs. 
bibliotecaush@justierradelfuego.gov.ar
koha@justierradelfuego.gov.ar
Seguinos en nuestras redes @bibliojustdf 

Con tecnología Koha